| 000 | 00586nam a2200217 a 4500 | ||
|---|---|---|---|
| 001 | BRCA_7115 | ||
| 005 | 20190321142924.0 | ||
| 008 | 291211s1888----gw-#######---#000-0#ger-# | ||
| 041 | _ager | ||
| 044 | _agw | ||
| 050 | 4 | _b.F74 1888 | |
| 100 | 1 |
_aFried, Alfred Hermann _917689 |
|
| 245 | 1 | 0 |
_aLexikon deutscher Zitate _cherausgegeben von Alfred Hermann Fried. |
| 260 |
_aLeipzig _bPhilipp Reclam _c[1888] |
||
| 300 |
_a310 p. _c15 cm. |
||
| 440 | 0 |
_aUniversal-Bibliothek _v2461-2463 _917690 |
|
| 500 | _aO133 | ||
| 650 | 1 | 4 |
_aLéxico alemán _917691 |
| 902 | _aGFM | ||
| 942 |
_2lcc _cB |
||
| 999 |
_c6796 _d6796 |
||